Business Asia

Detalles Bibliográficos
Título anterior:International Business Asia
Formato: Desconocido
Lenguaje:inglés
Publicado: Australia : First Charlton Communications
Materias:
Acceso en línea:Acceso restringido

MARC

LEADER 00000ny a22000003n 4500
005 20110511120558.0
008 071017c us mr pss 0 a0eng d
022 |a 0727-758X 
022 |a 1444-4062 
035 |a 2917 
040 |a BUS  |d vLex 
090 |c 1641  |d 1641 
245 3 0 |a Business Asia  |h [Recurso electrn̤ico] 
256 |a Servicio en ln̕ea 
260 |a Australia :  |b First Charlton Communications 
310 |a Trimestral 
506 1 |a Contenido solo disponible en los productos indicados  |d vLex Global  |d vLex Global (Academic Edition, excluding Law Schools)  |d vLex Global (Academic Edition, Law Schools) 
650 0 4 |a Comercio Internacional  |x Publicaciones perid̤icas 
740 0 |a vLex Revista (Servicios en ln̕ea) 
780 0 0 |t International Business Asia  |x 1324-5414 
843 |a Electrn̤ica. Cerrada. 
853 |8 1  |i (year)  |j (month)  |k (day) 
856 4 0 |z Acceso restringido  |u http://vlex.com/account/login_ip?fuente_id=2917  
942 |c REV